Bad Reviews - Sabrina Carpenter (All Lyrics) - Statistics

General Stats
  • This quiz has been taken 86 times
  • The average score is 135 of 155
Answer Stats
Lyrics % Correct
all
100%
All
100%
an
100%
and
100%
And
100%
bad
100%
I
100%
I,
100%
I've
100%
reviews
100%
the
100%
news
98%
be
95%
can't
95%
got
95%
heard
95%
my
95%
not
95%
them
95%
to
95%
you
95%
had
93%
in
93%
love
93%
so
93%
So
93%
too
93%
with
93%
But
90%
even
90%
for
90%
me
90%
me,
90%
your
90%
boy
88%
of
88%
that's
88%
boyfriend
85%
feelings,
85%
like
85%
out
85%
well,
85%
who
85%
are
83%
choose
83%
I'm
83%
long,
83%
long
83%
still
83%
Still
83%
another
80%
Couple
80%
If
80%
lose
80%
you're
80%
Been
78%
cut
78%
doesn't
78%
fresh
78%
good
78%
it's
78%
loose
78%
rehab
78%
someone
78%
alone
76%
any
76%
blue
76%
flags
76%
friends
76%
Just
76%
red
76%
somethin'
76%
again
73%
gut
73%
eye,
71%
prove
71%
want
71%
close
68%
refuse
68%
wrong
68%
'Cause
66%
judgment
66%
almost
63%
careless,
63%
self-awareness
61%
Short
61%
save
59%
tryna
59%
Ooh,
56%
fuse
54%
intentionally
51%
least
49%
baths
46%
No matching quizzes found
Score Distribution
Percent of People with Each Score
Percentile by Number Answered
Your Score History
You have not taken this quiz